Strategic management (Record no. 18254)
[ view plain ]
| 000 -LEADER | |
|---|---|
| fixed length control field | 00478nam a2200181Ia 4500 |
| 008 - FIXED-LENGTH DATA ELEMENTS--GENERAL INFORMATION | |
| fixed length control field | 220501s2022 xx 000 0 eng d |
| 020 ## - INTERNATIONAL STANDARD BOOK NUMBER | |
| International Standard Book Number | 9788194740049 |
| 082 ## - DEWEY DECIMAL CLASSIFICATION NUMBER | |
| Classification number | 658.4012 KAZ-S |
| 100 ## - MAIN ENTRY--PERSONAL NAME | |
| Personal name | Kazmi, Azahar |
| 245 #0 - TITLE STATEMENT | |
| Title | Strategic management |
| Statement of responsibility, etc | Azahar Kazmi and Adela Kazmi |
| 250 ## - EDITION STATEMENT | |
| Edition statement | 5th |
| 260 ## - PUBLICATION, DISTRIBUTION, ETC. (IMPRINT) | |
| Place of publication, distribution, etc | Chennai |
| Name of publisher, distributor, etc | McGraw Hill |
| Date of publication, distribution, etc | 2022 |
| 300 ## - PHYSICAL DESCRIPTION | |
| Extent / Pages | xxxiv, 788 |
| 650 ## - SUBJECT ADDED ENTRY--TOPICAL TERM | |
| Topical term or geographic name as entry element | Management |
| 650 ## - SUBJECT ADDED ENTRY--TOPICAL TERM | |
| Topical term or geographic name as entry element | Strategic management |
| 700 ## - ADDED ENTRY--PERSONAL NAME | |
| Personal name | Kazami, Adela |
| 942 ## - ADDED ENTRY ELEMENTS (KOHA) | |
| Source of classification or shelving scheme | |
| Koha item type | Books |
| 942 ## - ADDED ENTRY ELEMENTS (KOHA) | |
| -- | 30 |
| Withdrawn status | Lost status | Source of classification or shelving scheme | Damaged status | Not for loan | Home library | Current library | Date acquired | Source of acquisition | Total Checkouts | Total Renewals | Full call number | Barcode | Date last seen | Date last borrowed | Copy number | Bill Date | Koha item type | Bill Number |
|---|---|---|---|---|---|---|---|---|---|---|---|---|---|---|---|---|---|---|
| SOBD Library | SOBD Library | 31/05/2022 | Vedi Books | 6 | 2 | 658.4012 KAZ-S3 | 001776 | 31/03/2025 | 01/02/2025 | 3 | 18/04/2022 | Books | VEDI/22-23/04/20 | |||||
| SOBD Library | SOBD Library | 31/05/2022 | Vedi Books | 3 | 658.4012 KAZ-S4 | 001777 | 28/07/2025 | 14/07/2025 | 4 | 18/04/2022 | Books | VEDI/22-23/04/20 | ||||||
| SOBD Library | SOBD Library | 31/05/2022 | Vedi Books | 2 | 658.4012 KAZ-S5 | 001778 | 24/03/2025 | 20/07/2024 | 5 | 18/04/2022 | Books | VEDI/22-23/04/20 | ||||||
| SOBD Library | SOBD Library | 31/05/2022 | Vedi Books | 2 | 658.4012 KAZ-S6 | 001779 | 19/02/2025 | 06/02/2025 | 6 | 18/04/2022 | Books | VEDI/22-23/04/20 | ||||||
| SOBD Library | SOBD Library | 31/05/2022 | Vedi Books | 2 | 658.4012 KAZ-S7 | 001780 | 08/04/2024 | 27/03/2024 | 7 | 18/04/2022 | Books | VEDI/22-23/04/20 | ||||||
| SOBD Library | SOBD Library | 31/05/2022 | Vedi Books | 3 | 1 | 658.4012 KAZ-S8 | 001781 | 17/02/2025 | 01/02/2025 | 8 | 18/04/2022 | Books | VEDI/22-23/04/20 | |||||
| SOBD Library | SOBD Library | 31/05/2022 | Vedi Books | 5 | 1 | 658.4012 KAZ-S9 | 001782 | 02/04/2026 | 25/03/2026 | 9 | 18/04/2022 | Books | VEDI/22-23/04/20 | |||||
| SOBD Library | SOBD Library | 31/05/2022 | Vedi Books | 2 | 1 | 658.4012 KAZ-S10 | 001783 | 05/11/2024 | 03/10/2024 | 10 | 18/04/2022 | Books | VEDI/22-23/04/20 | |||||
| SOBD Library | SOBD Library | 05/05/2022 | Vedi Books | 658.4012 KAZ-S1 | 001052 | 04/04/2024 | 1 | 14/04/2022 | Reference Books | VEDI/22-23/04/07 | ||||||||
| SOBD Library | SOBD Library | 05/05/2022 | Vedi Books | 5 | 1 | 658.4012 KAZ-S2 | 001053 | 24/09/2025 | 14/07/2025 | 2 | 14/04/2022 | Books | VEDI/22-23/04/07 |